Business communication : (Record no. 346339)
[ view plain ]
| 000 -LEADER | |
|---|---|
| fixed length control field | 01095 a2200229 4500 |
| 020 ## - INTERNATIONAL STANDARD BOOK NUMBER | |
| International Standard Book Number | 0135311128 |
| 020 ## - INTERNATIONAL STANDARD BOOK NUMBER | |
| International Standard Book Number | 9780135311127 |
| 082 04 - DEWEY DECIMAL CLASSIFICATION NUMBER | |
| Classification number | 658.45 |
| 090 ## - LOCALLY ASSIGNED LC-TYPE CALL NUMBER (OCLC); LOCAL CALL NUMBER (RLIN) | |
| -- | 3878 |
| -- | 3878 |
| 100 1# - MAIN ENTRY--PERSONAL NAME | |
| Personal name | Lahiff, James M. |
| 245 10 - TITLE STATEMENT | |
| Title | Business communication : |
| Remainder of title | strategies and skills / |
| Statement of responsibility, etc. | James M. Lahiff. |
| 250 ## - EDITION STATEMENT | |
| Edition statement | 5th ed. |
| 260 ## - PUBLICATION, DISTRIBUTION, ETC. | |
| Place of publication, distribution, etc. | [S.l.] : |
| Name of publisher, distributor, etc. | Prentice Hall, |
| Date of publication, distribution, etc. | 1996. |
| 300 ## - PHYSICAL DESCRIPTION | |
| Extent | 634 p. ; |
| Dimensions | 27 cm. |
| 500 ## - GENERAL NOTE | |
| General note | Hardcover. |
| 520 ## - SUMMARY, ETC. | |
| Summary, etc. | For courses in Business Communication. *Designed with the new managerial expectations in mind, this student-friendly introduction to business communication focuses on the most consequential aspects of communication. *It enhances the readers' competitive edge in the workplace enabling them to "hit the ground running" and contribute to their organization immediately. |
| 700 1# - ADDED ENTRY--PERSONAL NAME | |
| Personal name | Penrose, John M. |
| 700 1# - ADDED ENTRY--PERSONAL NAME | |
| Personal name | Huseman, Richard C. |
| 856 40 - ELECTRONIC LOCATION AND ACCESS | |
| Materials specified | Amazon.com |
| Uniform Resource Identifier | <a href="http://www.amazon.com/exec/obidos/ASIN/0135311128/chopaconline-20">http://www.amazon.com/exec/obidos/ASIN/0135311128/chopaconline-20</a> |
| 856 40 - ELECTRONIC LOCATION AND ACCESS | |
| Materials specified | Amazon customer reviews |
| Uniform Resource Identifier | <a href="http://www.chopac.org/cgi-bin/tools/azrev.pl?q=0135311128">http://www.chopac.org/cgi-bin/tools/azrev.pl?q=0135311128</a> |
| 942 ## - ADDED ENTRY ELEMENTS (KOHA) | |
| Institution code [OBSOLETE] | NBS |
| Koha item type | Book |
| Call number prefix | 658.45 LAH |
| Withdrawn status | Lost status | Damaged status | Not for loan | Permanent Location | Current Location | Date acquired | Total Checkouts | Full call number | Barcode | Date last seen | Price effective from | Koha item type |
|---|---|---|---|---|---|---|---|---|---|---|---|---|
| Central Library (CL) | Central Library (CL) | 08/28/2013 | 658.45 LAH | NBS4020 | 08/28/2013 | 08/28/2013 | Book |
